000 00600nam a22002177a 4500
003 OSt
005 20240629120239.0
008 240629b |||||||| |||| 00| 0 eng d
020 _a978-93-90595-21-1
040 _cTrident
082 _a610
_bKAD
100 _aAM Kadri (Editor-in-Chief)
_945382
245 _aIAPSM"S Text Book of Community Medicine
250 _a2nd
260 _aNew Delhi
_bJaypee
_c2021
300 _axxx,1006
500 _a1
650 _aBiomedical
700 _aRashmi Kundapur,Amir Maroof Khan, Rakesh Kakkar, Ankit Sheth, Nidhi Mangrola
_945383
942 _2ddc
_cBK
_n0
999 _c61113
_d61113